| Tag |
First Indicator |
Second Indicator |
Subfields |
| LEADER |
00000cam a2200000 4500 |
| 001 |
in00000701621 |
| 005 |
20151016052759.0 |
| 008 |
720327s1961 mauf b 00000 eng u |
| 010 |
|
|
|a 61015276
|
| 035 |
|
|
|a (OCoLC)00271140
|
| 035 |
|
|
|9 ADB8058AM
|
| 040 |
|
|
|c WSU
|d OCL
|d TXA
|d UtOrBLW
|
| 049 |
|
|
|a TXAM
|c [340362]
|
| 050 |
|
0 |
|a PS1442.S4
|b P45 1961
|
| 092 |
|
|
|a 813
|b C777Yp
|
| 100 |
1 |
|
|a Philbrick, Thomas.
|
| 245 |
1 |
0 |
|a James Fenimore Cooper :
|b and the development of American sea fiction.
|
| 264 |
|
1 |
|a Cambridge :
|b Harvard University Press,
|c 1961.
|
| 300 |
|
|
|a xi, 329 pages :
|b plates. ;
|c 22 cm.
|
| 336 |
|
|
|a text
|b txt
|2 rdacontent
|
| 337 |
|
|
|a unmediated
|b n
|2 rdamedia
|
| 338 |
|
|
|a volume
|b nc
|2 rdacarrier
|
| 500 |
|
|
|a Based on thesis, Harvard University.
|
| 504 |
|
|
|a Bibliography: pages [269]-286.
|
| 600 |
1 |
0 |
|a Cooper, James Fenimore,
|d 1789-1851.
|
| 650 |
|
0 |
|a American fiction
|y 19th century
|x History and criticism.
|
| 650 |
|
0 |
|a Sea in literature.
|
| 999 |
|
|
|a MARS
|
| 999 |
f |
f |
|s b1235197-79b2-33c2-b133-68240f9d281c
|i d1caeeaf-ea38-3ae2-833b-1437677f2ae3
|t 0
|
| 952 |
f |
f |
|p ric
|a Texas A&M University
|b Rellis Campus
|c Joint Library Facility
|d Remote Storage
|t 0
|e PS1442.S4 P45 1961
|h Library of Congress classification
|i unmediated -- volume
|m A14801233514
|
| 998 |
f |
f |
|a PS1442.S4 P45 1961
|t 0
|l Remote Storage
|